Biblioteca del profesor: relación familia -escuela

Saved in:
Bibliografiske detaljer
Format: Bog
Sprog:spansk
Udgivet: Santiago Ministerio de Educación 1997
Serier:Documentos de Trabajo
Fag:
Tags: Tilføj Tag
Ingen Tags, Vær først til at tagge denne postø!

MARC

LEADER 00000nam a2200000 a 4500
001 UCP0458
003 CL-VaPUC
008 990313e19970000CL |||||||||||||||||spa|d
082 0 4 |a 370.193  |b MIN  |2 21 
245 1 0 |a Biblioteca del profesor: relación familia -escuela 
300 |a p. irreg 
942 |c BK 
945 |d 19990313 00:00:00  |a rbrito 
260 |a Santiago  |b Ministerio de Educación  |c 1997 
650 0 |a Educación en el hogar  |9 307975 
650 7 |a RELACION EDUCACION Y FAMILIA  |2 CL-VaPUC  |9 425755 
650 0 |a Reforma educacional   |9 256319 
583 |a last modification  |c 19990313 00:00:00  |k Rodrigo Vera 
490 0 |a Documentos de Trabajo 
999 |c 279244  |d 279242 
952 |0 0  |1 0  |4 0  |6 370_193000000000000_MIN_1997  |7 0  |8 A  |9 318209  |a BIBEDU  |b BIBEDU  |d 2019-11-20  |i 3504832  |o 370.193 MIN 1997  |p 3504832  |r 2019-11-20  |w 2019-11-20  |y BK  |k EDU